000
00242nam a22000977a 4500
999
_c
263784
_d
263783
020
_a
33358000940398
100
_a
Herbert H. Wong and Matthew F. Vessel
245
_a
My ladybug
260
_a
Reading, Mass
_b
Addison-Wesley
_c
1969
942
_c
BK